Essentials of clinical immunology (Record no. 16986)
[ view plain ]
| 000 -LEADER | |
|---|---|
| fixed length control field | 00471nam a2200217Ia 4500 |
| 003 - CONTROL NUMBER IDENTIFIER | |
| control field | UOL |
| 005 - DATE AND TIME OF LATEST TRANSACTION | |
| control field | 20170105103458.0 |
| 008 - FIXED-LENGTH DATA ELEMENTS--GENERAL INFORMATION | |
| fixed length control field | 110910s9999 xx 000 0 und d |
| 020 ## - INTERNATIONAL STANDARD BOOK NUMBER | |
| International Standard Book Number | 0632025093 |
| 040 ## - CATALOGING SOURCE | |
| Transcribing agency | ASAB |
| 100 ## - MAIN ENTRY--PERSONAL NAME | |
| Personal name | Helen chapel |
| 9 (RLIN) | 728 |
| 245 ## - TITLE STATEMENT | |
| Title | Essentials of clinical immunology |
| 260 ## - PUBLICATION, DISTRIBUTION, ETC. | |
| Place of publication, distribution, etc. | London |
| 260 ## - PUBLICATION, DISTRIBUTION, ETC. | |
| Name of publisher, distributor, etc. | ELBS |
| 260 ## - PUBLICATION, DISTRIBUTION, ETC. | |
| Date of publication, distribution, etc. | 1988.00 |
| 300 ## - PHYSICAL DESCRIPTION | |
| Extent | x; 466p. |
| 546 ## - LANGUAGE NOTE | |
| Language note | Eng. |
| 563 ## - BINDING INFORMATION | |
| Binding note | Pbk |
| 650 ## - SUBJECT ADDED ENTRY--TOPICAL TERM | |
| Topical term or geographic name entry element | Immunology |
| 9 (RLIN) | 729 |
| 942 ## - ADDED ENTRY ELEMENTS (KOHA) | |
| Koha item type | Book |
| Source of classification or shelving scheme | |
| Withdrawn status | Lost status | Source of classification or shelving scheme | Damaged status | Not for loan | Permanent Location | Current Location | Date acquired | Total Checkouts | Barcode | Date last seen | Date last checked out | Price effective from | Koha item type | Full call number |
|---|---|---|---|---|---|---|---|---|---|---|---|---|---|---|
| Atta-ur-Rahman School of Applied Biosciences (ASAB) | Atta-ur-Rahman School of Applied Biosciences (ASAB) | 09/28/2016 | 1 | ASAB481 | 09/28/2016 | 09/28/2016 | 09/28/2016 | Book | ||||||
| Atta-ur-Rahman School of Applied Biosciences (ASAB) | Atta-ur-Rahman School of Applied Biosciences (ASAB) | 09/21/2016 | 1 | ASAB773 | 09/21/2016 | 09/21/2016 | 09/21/2016 | Book | 616.07 CHA | |||||
| Atta-ur-Rahman School of Applied Biosciences (ASAB) | Atta-ur-Rahman School of Applied Biosciences (ASAB) | 09/16/2015 | 4 | ASAB774 | 10/06/2016 | 10/06/2016 | 09/16/2015 | Book | 616.07 CHA | |||||
| Atta-ur-Rahman School of Applied Biosciences (ASAB) | Atta-ur-Rahman School of Applied Biosciences (ASAB) | 10/23/2014 | 1 | ASAB771 | 03/22/2017 | 10/23/2014 | 10/23/2014 | Book | 616.07 CHA | |||||
| Atta-ur-Rahman School of Applied Biosciences (ASAB) | Atta-ur-Rahman School of Applied Biosciences (ASAB) | 10/23/2014 | 3 | ASAB770 | 07/13/2016 | 06/03/2016 | 10/23/2014 | Book | 616.07 CHA | |||||
| Atta-ur-Rahman School of Applied Biosciences (ASAB) | Atta-ur-Rahman School of Applied Biosciences (ASAB) | 02/17/2014 | 4 | ASAB772 | 09/26/2016 | 09/26/2016 | 02/17/2014 | Book | 616.07 CHA |
